书目信息 |
| 题名: |
英汉汉英神经内科词汇手册
|
|
| 作者: | 郑良成 主编 | |
| 分册: | ||
| 出版信息: | 北京 军事医学科学出版社 2008.08 |
|
| 页数: | 752页 | |
| 开本: | 20cm | |
| 丛书名: | ||
| 单 册: | ||
| 中图分类: | R741-61 | |
| 科图分类: | ||
| 主题词: | 神经病学 | |
| 电子资源: | ||
| ISBN: | 978-7-80245-057-8 | |
| 000 | 00590nam0 2200205 45 | |
| 001 | 0941576661 | |
| 005 | 20091110113343.05 | |
| 010 | @a978-7-80245-057-8@dCNY45.00 | |
| 100 | @a20090515d2008 ekmy0 y0120 ea | |
| 102 | @aCN@b130000 | |
| 105 | @ay z 000yy | |
| 200 | 1 | @a英汉汉英神经内科词汇手册@f郑良成等主编@Fzheng liang cheng deng zhu bian |
| 210 | @a北京@c军事医学科学出版社@d2008.08 | |
| 215 | @a752页@d20cm | |
| 606 | 0 | @a神经病学 |
| 690 | @aR741-61@v4 | |
| 701 | 0 | @a郑良成@Azheng liang cheng@4主编 |
| 801 | 0 | @aCN@c20091110 |
| 905 | @a10447@dR741-61@eZ435 | |
| 906 | @d45@n1@r1 | |
| 英汉汉英神经内科词汇手册/郑良成等主编.-北京:军事医学科学出版社,2008.08 |
| 752页;20cm |
| ISBN 978-7-80245-057-8:CNY45.00 |
| ● |
| 相关链接 |
|
|
|
正题名:英汉汉英神经内科词汇手册
索取号:R741-61/Z435
 
预约/预借
| 序号 | 登录号 | 条形码 | 馆藏地/架位号 | 状态 | 备注 |
| 1 | 656626 | 206566269 | 自科库401/401自科库 20排4列5层/ [索取号:R741-61/Z435] | 在馆 |